[Event "AUTO-OPEN-4550"]
[Site "http://www.queenalice.com/game.php?id=1844144"]
[Date "2024.9.23"]
[Round "1"]
[White "game"]
[Black "wj64"]
[Result "1-0"]
[WhiteElo "1475"]
[BlackElo "1609"]

1. e4 e5 2. Nf3 Qe7 3. Bc4 Nf6 4. Ng5 d6 5. Nxf7 Be6 6. Bxe6 Qxe6 7. Nxh8 Qg8 8.
d4 Nxe4 9. Qh5+ Kd8 10. Qh4+ Nf6 11. dxe5 dxe5 12. Bg5 Qxh8 13. O-O Nd7 14. Rd1
Bd6 15. Nc3 h6 16. Nd5 Kc8 17. c4 c6 18. Ne3 Bc5 19. Nf5 Kc7 20. Rd3 e4 21. Rh3
h5 22. Bf4+ Kc8 23. Bd6 Bxd6 24. Nxd6+ Kc7 25. c5 Nxc5 26. Nf7 Qe8 27. Qf4+ Kb6
28. Rb3+ Nxb3 29. Nd6 Qg8 30. axb3 Qxb3 31. Qe5 a5 32. Nc8+ Rxc8 33. Qxa5# 1-0

[Event "AUTO-OPEN-4550"]
[Site "http://www.queenalice.com/game.php?id=1844145"]
[Date "2024.9.23"]
[Round "1"]
[White "wj64"]
[Black "game"]
[Result "0-1"]
[WhiteElo "1588"]
[BlackElo "1485"]

1. c4 Nc6 2. Nc3 e5 3. e3 d6 4. Qb3 Be6 5. e4 Na5 6. Qa4+ Nc6 7. Nf3 Ne7 8. g3
Bd7 9. Nd5 Nd4 10. Qd1 Bg4 11. Bg2 Nxd5 12. cxd5 Qf6 13. Qa4+ b5 14. Qd1 h5 15.
h3 Bxf3 16. Bxf3 Nxf3+ 17. Kf1 h4 18. g4 Nd4 19. d3 Qf3 20. Qxf3 Nxf3 21. g5 Rh5
22. Ke2 Nd4+ 23. Kf1 Be7 24. f4 exf4 25. Bxf4 Bxg5 26. Bxg5 Rxg5 27. Kf2 Rg3 28.
Rad1 Kd7 29. b4 f5 30. Rhg1 f4 31. Rxg3 hxg3+ 32. Kg2 Nc2 33. Rb1 g5 34. Rb2
Ne3+ 35. Kg1 f3 36. a3 g4 37. hxg4 Nxg4 38. Kf1 Ne3+ 39. Ke1 Rh8 40. Kd2 Nf1+
41. Kc3 g2 42. Rf2 g1=Q 43. Rxf3 Rh2 44. Rf7+ Ke8 45. Rxc7 Ra2 46. Rxa7 Qxa7 0-1

[Event "AUTO-OPEN-4550"]
[Site "http://www.queenalice.com/game.php?id=1844170"]
[Date "2024.9.23"]
[Round "1"]
[White "wj64"]
[Black "Pipo712"]
[Result "0-1"]
[WhiteElo "1611"]
[BlackElo "2078"]

1. c4 Nf6 2. Nc3 e6 3. f3 d5 4. b3 dxc4 5. bxc4 Bd6 6. e3 h5 7. Nb5 Bb4 8. Ne2
a6 9. Nbd4 Nbd7 10. a3 Bd6 11. a4 c5 12. Nf5 exf5 13. f4 O-O 14. Ng3 g6 15. h3
Re8 16. Bb2 Bxf4 17. Bxf6 Bxg3+ 18. Ke2 Nxf6 19. Qb3 Re4 20. d3 Qd4 21. dxe4
Qxa1 22. Qd1 Qxd1+ 23. Kxd1 Nxe4 24. Kc2 Nf2 25. Kd2 Nxh1 26. Ke2 Bd7 27. a5 Bc7
28. h4 Bxa5 29. Kd3 Ng3 30. Be2 Nxe2 31. Kxe2 b5 32. cxb5 axb5 33. Kf3 b4 34.
Kf4 b3 0-1

[Event "AUTO-OPEN-4550"]
[Site "http://www.queenalice.com/game.php?id=1844171"]
[Date "2024.9.23"]
[Round "1"]
[White "Pipo712"]
[Black "wj64"]
[Result "1-0"]
[WhiteElo "2065"]
[BlackElo "1613"]

1. e4 e5 2. Nf3 Qf6 3. Nc3 c6 4. d4 Bd6 5. Bc4 b5 6. Bb3 b4 7. Na4 Ba6 8. Bg5
Qg6 9. dxe5 Qxe4+ 10. Kd2 Bc7 11. Re1 Qg6 12. Kc1 Ne7 13. Qd2 c5 14. Nxc5 O-O
15. Bxe7 Re8 16. Bd6 Bb6 17. Qf4 Qh6 18. Ng5 Rf8 19. Bxf8 Qxg5 20. Qxg5 Kxf8 21.
Qf5 f6 22. exf6 Bxc5 23. Qxc5+ 1-0

[Event "AUTO-OPEN-4550"]
[Site "http://www.queenalice.com/game.php?id=1844172"]
[Date "2024.9.23"]
[Round "1"]
[White "wj64"]
[Black "askasl159"]
[Result "0-1"]
[WhiteElo "1583"]
[BlackElo "1952"]

1. c4 b5 2. d3 e5 3. b3 bxc4 4. bxc4 Nf6 5. f3 Bc5 6. Nh3 h6 7. Bb2 Nc6 8. e4
Nd4 9. Nd2 O-O 10. Nb3 Bb4+ 11. Nd2 c6 12. Bxd4 exd4 13. Nf4 Re8 14. Be2 Bc3 15.
Rc1 d5 16. cxd5 cxd5 17. Kf2 dxe4 18. Nxe4 Nxe4+ 19. dxe4 f5 20. Qd3 fxe4 21.
fxe4 a5 22. g3 Ba6 23. Qc2 Bxe2 24. Qxe2 Re5 25. Qc4+ Kh7 26. Qf7 Qe7 27. Qxe7
Rxe7 28. Kf3 Rf8 29. Rb1 g5 30. Kg2 gxf4 31. Rhf1 f3+ 32. Rxf3 Rfe8 33. Rf4 Rxe4
34. Rb7+ Kg8 35. Rf6 R4e6 36. Rf5 R8e7 37. Rb8+ Kg7 38. a4 Re5 39. Rf4 Rd5 40.
Rg4+ Rg5 41. Kh3 Rd7 42. Re8 d3 43. Kh4 d2 44. Rxg5+ hxg5+ 45. Kxg5 d1=Q 46. Kh4
Bf6+ 47. Kh3 Qh5+ 48. Kg2 Rd2+ 0-1

[Event "AUTO-OPEN-4550"]
[Site "http://www.queenalice.com/game.php?id=1844173"]
[Date "2024.9.23"]
[Round "1"]
[White "askasl159"]
[Black "wj64"]
[Result "1-0"]
[WhiteElo "1981"]
[BlackElo "1611"]

1. e4 e5 2. f4 Nc6 3. Nf3 exf4 4. Bc4 g5 5. h3 d6 6. b3 Bg7 7. d4 Qf6 8. Bb2 Qe7
9. Nbd2 Nf6 10. Qe2 h6 11. O-O-O Nh5 12. Rhe1 Nb4 13. Kb1 O-O 14. Ba3 Ng3 15.
Qf2 Nc6 16. e5 Kh8 17. exd6 Qd7 18. dxc7 Rg8 19. d5 Na5 20. Re7 Qf5 21. Rde1 Qf6
22. Nd4 b6 23. Ne4 Qxd4 24. Qxd4 Bxd4 25. Nxg3 fxg3 26. Rxf7 Nxc4 27. bxc4 Bf5
28. Bb2 Bg6 29. Bxd4+ Rg7 30. Rxg7 Re8 31. Rxe8+ Bxe8 32. c8=Q 1-0

[Event "AUTO-INT-3893"]
[Site "http://www.queenalice.com/game.php?id=1844228"]
[Date "2024.9.25"]
[Round "1"]
[White "game"]
[Black "wj64"]
[Result "0-1"]
[WhiteElo "1498"]
[BlackElo "1601"]

1. e4 e5 2. Nf3 Nc6 3. d4 d6 4. Ng5 exd4 5. Qf3 Nh6 6. Bc4 f6 7. Bf7+ Nxf7 8. h4
fxg5 9. Bxg5 Qd7 10. O-O Nce5 11. Qa3 d5 12. Qg3 dxe4 13. Re1 Qc6 14. Qf4 e3 15.
fxe3 Bb4 16. Rf1 Rf8 17. Na3 Bxa3 18. bxa3 b6 19. Rac1 Bb7 20. h5 Qxg2# 0-1

[Event "AUTO-INT-3893"]
[Site "http://www.queenalice.com/game.php?id=1844229"]
[Date "2024.9.25"]
[Round "1"]
[White "wj64"]
[Black "game"]
[Result "1-0"]
[WhiteElo "1568"]
[BlackElo "1539"]

1. c4 d6 2. e3 Bd7 3. Qb3 Nc6 4. d4 Na5 5. Qc2 c5 6. d5 e6 7. b3 b5 8. cxb5 exd5
9. a4 Nb7 10. Bd2 Be7 11. Nc3 Bf6 12. O-O-O c4 13. b4 a5 14. Nxd5 axb4 15. Nxb4
Rc8 16. Bxc4 Nc5 17. Nd5 Ra8 18. Bb4 Rxa4 19. Bxc5 Ra1+ 20. Kd2 dxc5 21. Rxa1
Bxa1 22. Qe4+ Be6 23. Ke2 Nf6 24. Nxf6+ Bxf6 25. Bd3 Ke7 26. Nf3 Qc8 27. Rc1 Kf8
28. g4 Bxg4 29. Ke1 Bf5 30. Qc4 g5 31. Bxf5 Qxf5 32. Qxc5+ Qxc5 33. Rxc5 Kg7 34.
b6 Be7 35. Re5 Kf6 36. Rb5 h5 37. Kd2 Rd8+ 38. Kc2 Rc8+ 39. Kb3 Rc1 40. Kb2 Rf1
41. b7 Bd6 42. Rb6 Rxf2+ 43. Kc3 Ke7 44. Nxg5 Rxh2 45. b8=Q Bxb8 46. Rxb8 f6 47.
Rb7+ Kd8 48. Rg7 Rg2 49. Ne6+ Ke8 50. Rxg2 Ke7 51. Nf4 h4 52. Nh3 Ke6 53. Kd4 f5
54. Rg6+ Kf7 55. Rh6 Kg7 56. Rxh4 1-0

[Event "AUTO-INT-3893"]
[Site "http://www.queenalice.com/game.php?id=1844246"]
[Date "2024.9.25"]
[Round "1"]
[White "Ruusgugg"]
[Black "wj64"]
[Result "1-0"]
[WhiteElo "1265"]
[BlackElo "1581"]

1. c4 e5 2. d3 d5 3. cxd5 Qxd5 4. e4 Qc5 5. Nc3 Nc6 6. Nd5 Nd4 7. Ne2 Qa5+ 8.
Bd2 Qc5 9. Rc1 Qd6 10. Nxc7+ Ke7 11. Nxa8 Ke6 12. Nc7+ Kd7 13. Qa4+ Nc6 14. Nb5
Ke6 15. Nxd6 Bxd6 16. g3 Bd7 17. Qb3+ Ke7 18. Qxb7 Nf6 19. Rxc6 Ne8 20. Nc3 Nf6
21. Nb5 Rb8 22. Qa6 Bxc6 23. Qxc6 Rb6 24. Qc4 Ne8 25. Nxd6 Kxd6 26. d4 exd4 27.
Qxd4+ Kc6 28. b3 Kb7 29. Qd7+ Nc7 30. Bf4 Rc6 31. Bg2 Kb6 32. O-O Kb5 33. Rc1
Kb4 34. Qxc6 Nb5 35. Qc5+ Ka5 36. a4 a6 37. Bd2# 1-0

[Event "AUTO-INT-3893"]
[Site "http://www.queenalice.com/game.php?id=1844247"]
[Date "2024.9.25"]
[Round "1"]
[White "wj64"]
[Black "Ruusgugg"]
[Result "1-0"]
[WhiteElo "1609"]
[BlackElo "1260"]

1. c4 f5 2. Nc3 e5 3. e4 f4 4. Qh5+ g6 5. Qxe5+ Ne7 6. Qxh8 h6 7. Qe5 d6 8. Qxf4
c5 9. Nf3 g5 10. Qe3 Nbc6 11. h3 Qd7 12. Be2 a5 13. Nb5 Bg7 14. Nh2 a4 15. Bh5+
Kd8 16. Ng4 Na7 17. Nxa7 Rxa7 18. O-O Bd4 19. Qf3 Qe8 20. Bxe8 Kxe8 21. Nxh6 1-0

[Event "Challenge"]
[Site "http://www.queenalice.com/game.php?id=1845288"]
[Date "2024.10.13"]
[Round "-"]
[White "wj64"]
[Black "fbenevides2019"]
[Result "0-1"]
[WhiteElo "1552"]
[BlackElo "1780"]

1. e4 d5 2. e5 e6 3. d4 a6 4. c3 Nc6 5. g3 f6 6. f4 fxe5 7. dxe5 Bc5 8. Nf3 b5
9. b4 Be7 10. h4 Nh6 11. Bh3 O-O 12. Be3 Qe8 13. Nd4 Nxd4 14. Bxd4 Qg6 15. Qf3
c6 16. h5 Qe8 17. g4 Nf7 18. Nd2 Bh4+ 19. Bf2 Bxf2+ 20. Qxf2 Qd8 21. Nf3 Bd7 22.
Qh2 Qb6 23. Qd2 a5 24. a3 axb4 25. cxb4 Ra6 26. Nd4 Qa7 27. Nc2 c5 28. Qf2 d4
29. bxc5 Qxc5 30. O-O Ra4 31. g5 Rc4 32. Nb4 Bc8 33. Rac1 Rxc1 34. Nd3 Qxa3 35.
Qe2 Rxf1+ 36. Bxf1 Bd7 37. g6 hxg6 38. hxg6 Nh6 39. Kf2 b4 40. Qd2 b3 41. Ne1 b2
42. Bd3 Rb8 43. Bb1 Nf5 44. Nd3 Qa1 45. Qd1 Ba4 46. Qh1 Nh6 47. Nc5 Bc2 48. Nxe6
Qxb1 49. Qd5 Ng4+ 50. Kg3 Qg1+ 51. Kh4 Kh8 52. Qd7 Rg8 53. Ng5 Bxg6 54. Nf7+
Bxf7 55. Qxf7 Nh6 56. Qh5 b1=Q 57. e6 Qe4 58. e7 Qeh1# 0-1

[Event "Challenge"]
[Site "http://www.queenalice.com/game.php?id=1845775"]
[Date "2024.10.20"]
[Round "-"]
[White "wj64"]
[Black "game"]
[Result "0-1"]
[WhiteElo "1545"]
[BlackElo "1558"]

1. c4 d6 2. Nc3 Bf5 3. d3 e5 4. e4 Be6 5. Qb3 b5 6. Nd5 Nc6 7. Qxb5 Bd7 8. Nf3
Nd4 9. Qa5 Nc2+ 10. Kd1 Nxa1 11. Qxc7 Ba4+ 12. b3 Bd7 13. Qxd8+ Rxd8 14. Be3 Nf6
15. Nc7+ Ke7 16. Bg5 Bg4 17. Be2 Kd7 18. Nb5 Bxf3 19. Bxf3 a6 20. Nc3 a5 21. Na4
d5 22. exd5 Be7 23. Bg4+ Nxg4 24. Bxe7 Kxe7 25. Ke2 Nc2 26. f3 Nge3 27. g4 h5
28. h3 hxg4 29. h4 gxf3+ 30. Kxf3 Nf5 31. h5 Kd6 32. Nc3 g5 33. Kg4 Nce3+ 34.
Kxg5 Rh6 35. Ne4+ Kc7 36. a4 Rg8# 0-1

[Event "AUTO-INT-3897"]
[Site "http://www.queenalice.com/game.php?id=1846054"]
[Date "2024.10.23"]
[Round "1"]
[White "Ruusgugg"]
[Black "wj64"]
[Result "0-1"]
[WhiteElo "1287"]
[BlackElo "1572"]

1. c4 e5 2. e4 Nc6 3. d3 Nd4 4. b3 c5 5. Nf3 Nxf3+ 6. Qxf3 b6 7. Nc3 Bb7 8. Nd5
Bxd5 9. exd5 d6 10. Bd2 Be7 11. O-O-O Qd7 12. Qg3 Bf6 13. Bg5 O-O-O 14. Be3 h6
15. f4 Ne7 16. fxe5 Bxe5 17. Qf3 f5 18. h3 g5 19. g4 f4 20. Bd2 a5 21. h4 Rdg8
22. Bh3 gxh4 23. Qe4 Rg5 24. Bxf4 Bxf4+ 25. Qxf4 Ng6 26. Qd2 Qg7 27. d4 cxd4 28.
Qe2 Re5 29. Qd3 Re3 30. Qd2 Nf4 31. Bf1 Rc3+ 32. Kb2 Re8 33. Rg1 Ree3 34. Rc1
Rxc1 35. Qxc1 d3+ 36. Kb1 Qe5 37. b4 Re1 38. Qxe1 Qxe1+ 0-1

[Event "AUTO-INT-3897"]
[Site "http://www.queenalice.com/game.php?id=1846055"]
[Date "2024.10.23"]
[Round "1"]
[White "wj64"]
[Black "Ruusgugg"]
[Result "1-0"]
[WhiteElo "1568"]
[BlackElo "1283"]

1. e4 e5 2. Nc3 b6 3. Qf3 Nc6 4. Bc4 f6 5. Nb5 Nd4 6. Nxd4 exd4 7. Qh5+ g6 8.
Qd5 Nh6 9. d3 Bb4+ 10. Kd1 c6 11. Qxd4 Bb7 12. Bxh6 Qe7 13. c3 Bc5 14. Bf7+ Qxf7
15. Qa4 Bxf2 16. Bd2 Qe6 17. Nf3 Qg4 18. Bh6 Qxg2 19. Kc2 Qxf3 20. Bd2 b5 21.
Qa3 Qe2 22. Rad1 O-O-O 23. Kb3 Qxd3 24. Rhf1 Bh4 25. Qa5 c5 26. Bf4 c4+ 27. Ka3
f5 28. Qc7# 1-0

[Event "AUTO-INT-3897"]
[Site "http://www.queenalice.com/game.php?id=1846066"]
[Date "2024.10.23"]
[Round "1"]
[White "wj64"]
[Black "JoseMessias"]
[Result "1-0"]
[WhiteElo "1530"]
[BlackElo "1689"]

1. e4 e5 2. d4 f6 3. d5 d6 4. Nc3 c6 5. Bc4 cxd5 6. Nxd5 g5 7. Qh5+ Kd7 8. Qf7+
Kc6 9. Nb4+ Kb6 10. Be3+ Ka5 11. Bd2 Ka4 12. Bb3+ Kb5 13. a4+ Kc5 14. Qc4+ Kb6
15. Nd5# 1-0

[Event "AUTO-INT-3897"]
[Site "http://www.queenalice.com/game.php?id=1846067"]
[Date "2024.10.23"]
[Round "1"]
[White "JoseMessias"]
[Black "wj64"]
[Result "1/2-1/2"]
[WhiteElo "1612"]
[BlackElo "1573"]

1. g3 d5 2. Bg2 c6 3. e4 e6 4. e5 Qg5 5. d4 Qh6 6. Bxh6 Nxh6 7. Ne2 Nd7 8. Nf4
g5 9. Nh5 Nf5 10. g4 Nh4 11. Bf1 Ng6 12. Nf6+ Nxf6 13. exf6 Bd6 14. Nc3 a6 15.
Na4 Bb4+ 16. c3 Ba5 17. b4 Bc7 18. Nc5 b6 19. Nd3 Bd6 20. h4 Nxh4 21. Rh3 Bf8
22. Qc1 h6 23. Ne5 Bb7 24. c4 Bxb4+ 25. Kd1 c5 26. cxd5 Bxd5 27. dxc5 Bxc5 28.
Qc2 Bd4 29. Qa4+ b5 30. Qxd4 Rd8 31. a4 Bb3+ 32. Kc1 Rxd4 33. Rxb3 O-O 34. axb5
axb5 35. Rxb5 Re4 36. Nd7 Rc8+ 37. Nc5 Rxg4 38. Be2 Rg1+ 39. Kb2 Rg2 40. Rf1 Nf5
41. Bf3 Rh2 42. Kb1 h5 43. Be4 Nd6 44. Bb7 Rb8 45. Rd1 Nxb5 46. Rg1 g4 47. f3
Nc3+ 48. Kc1 Ne2+ 49. Kd2 Nxg1+ 50. Ke3 gxf3 51. Bxf3 h4 52. Nd7 Rd8 53. Ne5 Rf8
54. Nd7 Re8 55. Bh5 Ra2 56. Ne5 Ra7 57. Kf4 Rc8 58. Kg5 Ra5 59. Bxf7+ Kh7 60.
Kf4 Ne2+ 61. Ke4 Nc3+ 62. Kf4 Kh6 63. Bxe6 h3 64. Bxc8 h2 65. Ng4+ Kg6 66. Bd7
Nd5+ 67. Kg3 h1=Q 68. Bf5+ Kg5 69. f7 Qe1+ 70. Nf2 Qc3+ 71. Bd3 Qf6 72. Ne4+ Kg6
73. Nxf6+ Kxf7 74. Nxd5 Ra3 75. Nf4 Kf6 76. Kg4 Ke5 77. Ng6+ Kf6 78. Bc2 Ra2 79.
Bb1 Ra8 80. Nf4 Ke5 81. Ng6+ Kd4 82. Kf4 Rb8 83. Ba2 Re8 84. Kf5 Re1 85. Bb3
Rf1+ 86. Nf4 Rf3 87. Bd1 Rf1 88. Be2 Rf2 89. Ba6 Ke3 90. Ke5 Rxf4 91. Bb7 Rf8
92. Ke6 1/2-1/2

[Event "Challenge"]
[Site "http://www.queenalice.com/game.php?id=1846142"]
[Date "2024.10.25"]
[Round "-"]
[White "wj64"]
[Black "Capixaba789"]
[Result "0-1"]
[WhiteElo "1575"]
[BlackElo "1892"]

1. e4 e5 2. Bc4 Nc6 3. Qf3 f5 4. d3 Nd4 5. Qd1 Nf6 6. c3 Nc6 7. exf5 d5 8. Bb5
Bd6 9. Nf3 Bxf5 10. Bxc6+ bxc6 11. O-O O-O 12. Bg5 e4 13. Nd4 Bd7 14. h3 exd3
15. Qxd3 Qe8 16. Nd2 Qe5 17. Qg3 Qxg3 18. fxg3 Bxg3 19. Ne2 Bd6 20. Bf4 Rfe8 21.
Nd4 Rab8 22. b3 Bxf4 23. Rxf4 Re3 24. Rf3 Rbe8 25. Rc1 Rxf3 26. N2xf3 Re3 27.
Kf2 Re8 28. g4 Ne4+ 29. Kg2 h6 30. Kh2 c5 31. Ne2 c6 32. Rd1 Nf2 33. Re1 Nd3 34.
Rd1 Rxe2+ 35. Kg3 Ne5 36. Nd2 Ng6 37. Kf3 Re8 38. c4 d4 39. Ne4 Re5 40. a4 a5
41. Rh1 Kf7 42. h4 Ke6 43. h5 Ne7 44. Rd1 Nc8 45. Rd3 Nd6 46. Nd2 Rg5 47. Kf4
Kf6 48. Rg3 Be6 49. Nf3 Rxg4+ 50. Rxg4 Bxg4 51. Kxg4 Ne4 52. Kf4 Nc3 53. Ne5
Ne2+ 54. Ke4 Ng3+ 55. Kf4 Nxh5+ 56. Ke4 Ng3+ 57. Kf4 g5+ 58. Kxg3 Kxe5 59. Kf3
h5 60. Ke2 Ke4 61. Kd2 g4 62. Ke2 g3 63. Kf1 h4 64. Kg2 Ke3 65. Kf1 h3 66. Kg1
d3 67. b4 cxb4 68. c5 d2 69. Kf1 d1=R# 0-1

[Event "revanche"]
[Site "http://www.queenalice.com/game.php?id=1846156"]
[Date "2024.10.26"]
[Round "-"]
[White "wj64"]
[Black "game"]
[Result "1-0"]
[WhiteElo "1552"]
[BlackElo "1552"]

1. e4 e5 2. Nc3 Nc6 3. Nf3 d6 4. Bb5 Bg4 5. Be2 f5 6. d3 Nd4 7. Nxd4 exd4 8. Nd5
c6 9. Nf4 Qb6 10. f3 g5 11. Ne6 Nf6 12. Nxg5 Bh5 13. Rb1 O-O-O 14. Bf4 Rd7 15.
b3 h6 16. Nh3 fxe4 17. fxe4 Qb4+ 18. Bd2 Qc5 19. Bf3 Re7 20. g4 Bg6 21. Nf4 Qg5
22. h4 Qc5 23. Nxg6 Reh7 24. b4 Qb5 25. Nxh8 Rxh8 26. h5 Qa4 27. Ra1 d5 28. e5
Nd7 29. e6 Nf6 30. O-O Bxb4 31. Bc1 Rg8 32. a3 Bc3 33. Ra2 c5 34. Bxh6 Nxg4 35.
Bxg4 c4 36. e7+ Kc7 37. Bf4+ Kb6 38. Re1 Bxe1 39. Rb2+ Kc5 40. Kf1 Bc3 41. Rxb7
cxd3 42. Rc7+ Kb6 43. Qb1+ Qb5 44. Rb7+ Kc6 45. Qxb5# 1-0

[Event "revanche"]
[Site "http://www.queenalice.com/game.php?id=1846157"]
[Date "2024.10.26"]
[Round "-"]
[White "game"]
[Black "wj64"]
[Result "0-1"]
[WhiteElo "1537"]
[BlackElo "1568"]

1. e4 e5 2. Nf3 Qf6 3. d4 d6 4. Bc4 Be6 5. d5 Bg4 6. O-O g6 7. Bg5 Qg7 8. Qd3 f6
9. Be3 g5 10. Re1 h6 11. Nc3 a6 12. Na4 b5 13. Bb3 bxa4 14. Bxa4+ Bd7 15. Qc4
Bxa4 16. b3 Bb5 17. Qc3 Qh7 18. a4 Bd7 19. Qxc7 g4 20. Nd2 h5 21. Ba7 Kf7 22.
Bxb8 Kg6 23. Qb7 Rxb8 24. Qxb8 Qh6 25. Re3 Ne7 26. Qxd6 Bc8 27. h4 Qg7 28. g3
Kh6 29. f3 Ng8 30. Qd8 Bd7 31. c4 Bc5 32. Kf2 Kh7 33. f4 Nh6 34. Qc7 Qe7 35. b4
Bxe3+ 36. Kxe3 Rc8 37. Qb6 exf4+ 38. gxf4 Nf5+ 39. Kd3 Nxh4 40. Qxa6 Qf7 41. b5
Ng2 42. b6 Nxf4+ 43. Ke3 Ng6 44. b7 Rb8 45. a5 Ne7 46. Qa7 Qe8 47. d6 Nc6 48.
Qb6 Ne5 49. Kf4 Nd3+ 50. Kg3 Bc6 51. a6 Qe5+ 52. Kh4 Qh2# 0-1

[Event "AUTO-INT-3898"]
[Site "http://www.queenalice.com/game.php?id=1846355"]
[Date "2024.10.28"]
[Round "1"]
[White "wj64"]
[Black "ajr"]
[Result "1-0"]
[WhiteElo "1572"]
[BlackElo "1528"]

1. e4 c5 2. Bc4 a6 3. Qf3 e6 4. Nh3 h6 5. Nc3 b5 6. Be2 Nc6 7. Qe3 Nd4 8. Bd1 d6
9. O-O e5 10. Nd5 Bxh3 11. Qxh3 Nf6 12. Nxf6+ Qxf6 13. c3 Nc6 14. Bg4 g6 15.
Bd7+ Kd8 16. Bxc6 Ra7 17. b3 Kc7 18. Qd7+ Kb6 19. Qc8 Qe7 20. Qb8+ Ka5 21. Bd5
Bg7 22. b4+ cxb4 23. cxb4+ Kxb4 24. Qb6 Rc8 25. Rb1+ Ka4 26. Bb3+ Kb4 27. a3#
1-0

[Event "AUTO-INT-3898"]
[Site "http://www.queenalice.com/game.php?id=1846356"]
[Date "2024.10.28"]
[Round "1"]
[White "ajr"]
[Black "wj64"]
[Result "1-0"]
[WhiteElo "1530"]
[BlackElo "1574"]

1. d4 d5 2. h3 Nf6 3. Nc3 b6 4. Bg5 Ne4 5. Nxe4 dxe4 6. e3 Nc6 7. Bb5 Qd5 8.
Bxc6+ Qxc6 9. c3 f6 10. Bf4 g5 11. Bg3 Bf5 12. a3 h5 13. Ne2 g4 14. h4 Rd8 15.
Bf4 b5 16. d5 Rxd5 17. Nd4 Qd6 18. Bxd6 Rxd6 19. Nxf5 Rxd1+ 20. Rxd1 c5 21. Ng3
e6 22. Nxe4 f5 23. Nf6+ Kf7 24. Nd7 Be7 25. Ne5+ Kf6 26. Nc6 a6 27. Nxe7 Kxe7
28. Ke2 c4 29. Rd4 Kf6 30. Rd6 a5 31. Rhd1 Ke5 32. Ra6 a4 33. Ra5 Kf6 34. Rxb5
Rg8 35. g3 Rc8 36. Rb4 f4 37. exf4 Kf5 38. Rxa4 Rc6 39. Ke3 e5 40. Rd5 Re6 41.
Rxc4 Rb6 42. b4 Ra6 43. Rxe5+ Kg6 44. Rg5+ Kh6 45. Rc8 Ra7 46. f5 Re7+ 47. Kf4
Kh7 48. f6 Rf7 49. Kf5 Kh6 50. Rh8+ Rh7 51. Rg6# 1-0

[Event "AUTO-INT-3899"]
[Site "http://www.queenalice.com/game.php?id=1846680"]
[Date "2024.11.5"]
[Round "1"]
[White "nicholasmorassutti"]
[Black "wj64"]
[Result "0-1"]
[WhiteElo "1533"]
[BlackElo "1559"]

1. e4 e5 2. Nf3 Nc6 3. Bc4 Qf6 4. O-O a6 5. Nc3 b5 6. Bb3 Nge7 7. Nd5 Qd6 8. d4
Nxd4 9. Qe1 Nxf3+ 10. gxf3 Ng6 11. Qc3 Ra7 12. Be3 Nh4 13. Bg5 Ng6 14. Rad1 Be7
15. Be3 Rb7 16. f4 Nh4 17. f5 g6 18. Bb6 c6 19. Bc5 Qxc5 20. Nf6+ Kd8 21. a3
Qxc3 22. bxc3 Bxf6 23. Bxf7 gxf5 24. exf5 Nxf5 25. f4 Ne3 26. Rd6 Nxf1 27. Kxf1
Be7 28. Rh6 Bxa3 29. fxe5 Bc1 30. Rd6 Kc7 31. h4 h6 32. Ke2 Ba3 33. Rg6 h5 34.
e6 dxe6 35. Bxe6 Re8 36. Rg7+ Kd8 37. Rg6 Bxe6 38. Rh6 Bg4+ 39. Kf2 Bc5+ 0-1

[Event "AUTO-INT-3899"]
[Site "http://www.queenalice.com/game.php?id=1846681"]
[Date "2024.11.5"]
[Round "1"]
[White "wj64"]
[Black "nicholasmorassutti"]
[Result "0-1"]
[WhiteElo "1577"]
[BlackElo "1515"]

1. e4 e5 2. Nc3 Nf6 3. a3 Bc5 4. b4 Bd4 5. Bb2 O-O 6. Nf3 d5 7. exd5 Re8 8. Qe2
a6 9. Na4 Qxd5 10. c3 b5 11. Nc5 Bxc5 12. d3 Bd6 13. g3 Bg4 14. Bg2 Nbd7 15. O-O
a5 16. h3 Bf5 17. Rad1 e4 18. Nd4 axb4 19. cxb4 exd3 20. Qd2 Be4 21. f4 c5 22.
Nxb5 cxb4 23. Nd4 bxa3 24. Bc3 Bc7 25. Rb1 Ba5 26. Bxe4 Nxe4 27. Qxd3 Bxc3 28.
Rbd1 Ndc5 29. Qe3 Bxd4 30. Rxd4 Qa2 31. Kh1 Qb2 32. Rc1 a2 33. Rdd1 Nf2+ 34.
Qxf2 Qxf2 35. Rf1 a1=Q 36. Rxa1 Rxa1 0-1